Coldplay's Most Streamed Songs - Statistics

General Stats
  • This quiz has been taken 943 times
    576 since last reset
  • The average score is 12 of 20
Answer Stats
Answer % Correct
2,070,159,632 Yellow
96%
1,885,672,924 Viva La Vida
93%
1,768,321,450 The Scientist
82%
820,430,748 Clocks
80%
1,364,458,815 Fix You
80%
1,350,230,284 A Sky Full Of Stars
77%
1,193,242,077 Paradise
75%
2,407,767,300 Something Just Like This
69%
1,299,733,906 Hymn For The Weekend
63%
642,655,473 Hymn For The Weekend (Seeb Remix)
63%
946,833,079 Adventure Of A Lifetime
62%
1,192,776,745 My Universe
58%
818,196,467 Sparks
57%
328,805,692 Higher Power
40%
337,209,958 Trouble
37%
677,437,931 Magic
32%
309,947,649 In My Place
31%
283,272,048 Everglow
26%
290,599,207 Every Teardrop Is A Waterfall
24%
316,865,992 Christmas Lights
9%
No matching quizzes found
Score Distribution
Percent of People with Each Score
Percentile by Number Answered
Your Score History
You have not taken this quiz since the last reset